| 000 | 01242nam a22002537a 4500 | ||
|---|---|---|---|
| 005 | 20240305165559.0 | ||
| 007 | cr|||| |||| | ||
| 008 | 210225s2019 us |||||s|||| 00||0 eng d | ||
| 020 | _a9781641054584 | ||
| 035 | _a31249 | ||
| 040 | _avLex | ||
| 090 |
_c11273 _d11273 |
||
| 100 | 1 | _aTsacoumis, Stephanie | |
| 245 | 1 | 0 |
_aWhat Must Public Companies Disclose? _h[Recurso electrónico] : _bA Primer / _cStephanie Tsacoumis |
| 256 | _aServicio en línea | ||
| 260 |
_aChicago: _bAmerican Bar Association, _c2019 |
||
| 300 | _a1 recurso electrónico | ||
| 500 | _aWhat Must Public Companies Disclose? A Primer is a primer on the disclosure requirements applicable to public companies and their executive officers and directors. The book's audience includes non-securities lawyers, accountants and public company directors and officers. | ||
| 506 | 1 |
_aDisponible solo en los productos indicados _dvLex Global _dvLex Global (Academic Edition, excluding Law Schools) _dvLex Global (Academic Edition, Law Schools) |
|
| 650 | 0 | 4 |
_aDerecho Mercantil y de la Empresa _zEstados Unidos |
| 740 | 0 | _avLex Libros (Servicio en línea) | |
| 856 | 4 | 0 | _uhttps://app.vlex.com/#/sources/what-must-public-companies-disclose-a-primer-31249 |
| 942 | _cRAA | ||
| 999 |
_c169509 _d169509 |
||